[Event "YGM"]
[Site "Biel SUI"]
[Date "2010.07.27"]
[Round "8"]
[White "Andreikin,D"]
[Black "Caruana,F"]
[Result "1/2-1/2"]
[WhiteElo "2650"]
[BlackElo "2697"]

1.e4 c5 2.Nc3 Nc6 3.Bb5 Nd4 4.Nf3 e6 5.O-O a6 6.Bd3 Nc6 7.Be2 b5 8.d4 cxd4
9.Nxd4 Bb7 10.Nxc6 Bxc6 11.Qd4 Qc7 12.Re1 Bb7 13.Bf3 Rc8 14.Bg5 h6 15.Bh4 Qc5
16.Qd2 Be7 17.Bg3 d6 18.e5 d5 19.Bf4 Qb4 20.Rab1 Bc5 21.Red1 Qa5 22.Be2 Ne7
23.Bd3 Ng6 24.Bg3 O-O 25.Ne2 Qxd2 26.Rxd2 b4 27.c3 a5 28.Rc2 Bb6 29.Rbc1 Ne7
30.Kf1 Nc6 31.Bb5 d4 32.cxd4 Nxd4 33.Rxc8 Bxc8 34.Nxd4 Bxd4 35.b3 Bb7 36.Rc7 Be4
37.Rd7 Bc3 38.Bd3 Bc6 39.Rd6 Bd5 40.Ra6 Rd8 41.Be2 Rc8 42.Rxa5 Bb2 43.Bf4 Bc1
44.Be3 Bxe3 45.fxe3 Rc1+ 46.Kf2 Rc2 47.g3 Be4 48.Ke1 Rc1+ 49.Kd2 Rh1 50.h4 Rh2
51.Ke1 Rh1+ 52.Kf2 Rh2+ 53.Ke1 Rh1+ 54.Kd2 Rh2 55.Ke1  1/2-1/2

[Event "ch-AUT"]
[Site "Vienna AUT"]
[Date "2010.07.27"]
[Round "4"]
[White "Lehner,O"]
[Black "Halvax,G"]
[Result "1-0"]
[WhiteElo "2416"]
[BlackElo "2255"]

1.e4 c5 2.Nf3 Nc6 3.Nc3 e6 4.Bb5 Nd4 5.O-O a6 6.Bd3 Ne7 7.b3 Nec6 8.Bb2 Bd6
9.Nxd4 Nxd4 10.Qg4 g5 11.Qh5 Qf6 12.e5 Bxe5 13.Ne4 Qg7 14.Bxd4 cxd4 15.Nxg5 Bf4
16.Nf3 b6 17.Rae1 Qh6 18.Qd5 Rb8 19.Qxd4 Rg8 20.g3 Bxd2 21.Nxd2 Qxd2 22.Rd1 Qg5
23.Qd6 Rb7 24.Be4 Qd8 25.Bxb7 Bxb7 26.Rd4 Bc6 27.Rfd1 Qg5 28.h4 Qg6 29.c4 Rg7
30.Qb8+ Ke7 31.Qxb6 Qf5 32.Qb4+ Ke8 33.Qb8+ Ke7 34.Qd6+ Ke8 35.Rf4 Qh3 36.Rf3 Rg4
37.Qb8+ Ke7 38.Rxd7+ Bxd7 39.Rd3 Re4 40.Rxd7+ Kxd7 41.Qb7+ Kd6 42.Qxe4 f5
43.Qd4+ Kc6 44.c5 f4 45.Qd6+  1-0

[Event "Brunei Inv IM"]
[Site "Bandar Seri Begawan BRU"]
[Date "2010.07.28"]
[Round "6"]
[White "Hj,Sulaiman Hj Md Baharuddin"]
[Black "Ramnath Bhuvanesh,R"]
[Result "0-1"]
[WhiteElo "2339"]
[BlackElo "2376"]

1.e4 c5 2.Nf3 Nc6 3.Nc3 e5 4.Be2 d6 5.d3 Be7 6.a3 h6 7.Bd2 Nf6 8.O-O O-O
9.h3 b6 10.Nd5 Be6 11.Nxe7+ Qxe7 12.Nh2 d5 13.exd5 Nxd5 14.Bf3 Qd7 15.Re1 Rad8
16.Ng4 f6 17.Bxd5 Qxd5 18.Ne3 Qd7 19.Qh5 Rfe8 20.Rad1 Nd4 21.Bc1 Bf7 22.Qh4 b5
23.f3 b4 24.axb4 cxb4 25.Ng4 h5 26.Ne3 Rc8 27.Qf2 a5 28.b3 a4 29.bxa4 Qxa4
30.Rd2 Qa1 31.Nc4 Bxc4 32.dxc4 Rxc4 33.Qf1 Rec8 34.Qd3 b3 35.Qg6 b2  0-1

[Event "TCh-MNE Premier League"]
[Site "Cetinje MNE"]
[Date "2010.07.28"]
[Round "5"]
[White "Laban,Z"]
[Black "Mugosa,Srdjan"]
[Result "0-1"]
[WhiteElo "2083"]
[BlackElo "2146"]

1.e4 c5 2.Nf3 Nc6 3.Nc3 e5 4.Bc4 g6 5.d3 h6 6.Nd2 Bg7 7.Nf1 Nge7 8.Ne3 O-O
9.O-O Kh7 10.Ncd5 f5 11.exf5 gxf5 12.f4 d6 13.Qh5 Ng6 14.g4 exf4 15.Nxf5 Nd4
16.Nxg7 Kxg7 17.c3 Ne2+ 18.Kf2 Nxc1 19.Raxc1 Ne5 20.Rg1 Qg5 21.Qxg5+ hxg5
22.h3 Be6 23.Nc7 Bxc4 24.dxc4 Nd3+ 25.Kf3 Nxc1 26.Nxa8 Nd3 27.Nc7 Rf7 28.Ne8+ Kg6
29.Nxd6 Rd7 30.Nf5 Nxb2 31.h4 Nxc4 32.h5+ Kf6 33.h6 Nd2+ 34.Ke2 Ne4 35.Kf3 Ke5
36.Rh1 Rd2 37.Rf1 Rh2  0-1

[Event "21st Czech GM Open"]
[Site "Pardubice CZE"]
[Date "2010.07.28"]
[Round "6"]
[White "Schuh,Di"]
[Black "Kononenko,Dmitry1"]
[Result "1/2-1/2"]
[WhiteElo "2336"]
[BlackElo "2590"]

1.e4 c5 2.Nc3 Nc6 3.Bb5 Nd4 4.Bc4 a6 5.d3 b5 6.Bb3 e6 7.Nge2 Nxb3 8.axb3 Bb7
9.O-O Nf6 10.Bg5 h6 11.Bh4 g5 12.Bg3 h5 13.f3 h4 14.Bf2 g4 15.Nf4 gxf3 16.Qxf3 b4
17.Nd1 d5 18.exd5 Nxd5 19.Ne3 Be7 20.Nfxd5 Bxd5 21.Nxd5 Qxd5 22.Qxd5 exd5
23.Ra5 d4 24.c3 bxc3 25.bxc3 dxc3 26.Bxc5 Rh5 27.Re1 O-O-O 28.Bxe7 Rxa5 29.Bxd8 Kxd8
30.Rc1 Rc5 31.Kf2 c2 32.Ke3 Rc3 33.b4 Rb3 34.Rxc2 Rxb4 35.Ra2 Rb6 36.Kf4  1/2-1/2

[Event "21st Czech GM Open"]
[Site "Pardubice CZE"]
[Date "2010.07.28"]
[Round "6"]
[White "Migot,Tangi"]
[Black "Sarkozy,L"]
[Result "1/2-1/2"]
[WhiteElo "2229"]
[BlackElo "2373"]

1.e4 c5 2.Nf3 Nc6 3.Nc3 g6 4.d4 cxd4 5.Nxd4 Bg7 6.Be3 Nf6 7.Bc4 O-O 8.Bb3 d6
9.f3 Bd7 10.Qd2 Rc8 11.O-O-O Ne5 12.Kb1 Re8 13.h4 h5 14.Bh6 Nc4 15.Bxc4 Rxc4
16.Bxg7 Kxg7 17.Nd5 e5 18.Nxf6 Qxf6 19.Nb3 Re6 20.Na5 Rd4 21.Qg5 Qxg5 22.hxg5 b6
23.Nb3 Rxd1+ 24.Rxd1 f6 25.gxf6+ Kxf6 26.Nd2 Bb5 27.c4 Ba6 28.a4 Kg5 29.b4 Kf4
30.b5 Bb7 31.Re1 g5 32.Kc2 g4 33.Kd3 gxf3 34.Rf1 Kg3 35.Rxf3+ Kxg2 36.Rf7 Bc8  1/2-1/2

[Event "21st Czech GM Open"]
[Site "Pardubice CZE"]
[Date "2010.07.28"]
[Round "6"]
[White "Rasik,V"]
[Black "Chernyshov,K"]
[Result "1/2-1/2"]
[WhiteElo "2491"]
[BlackElo "2578"]

1.e4 c5 2.Nf3 Nc6 3.Nc3 d6 4.d4 cxd4 5.Nxd4 Nf6 6.Bg5 e6 7.Qd2 a6 8.O-O-O h6
9.Nxc6 bxc6 10.Bf4 d5 11.Qe3 Qa5 12.Be2 Bb4 13.Be5 Be7 14.h4 O-O 15.exd5 cxd5
16.Rh3  1/2-1/2

[Event "Tch-POR 1st Div Final"]
[Site "Vila Nova de Gaia POR"]
[Date "2010.07.28"]
[Round "5.6"]
[White "Meireles,A"]
[Black "Oliveira,L"]
[Result "0-1"]
[WhiteElo "1681"]
[BlackElo "2125"]

1.e4 c5 2.Nf3 Nc6 3.Nc3 d6 4.d4 cxd4 5.Nxd4 e5 6.Ndb5 a6 7.Na3 b5 8.Nd5 Nf6
9.Bg5 Be6 10.Bxf6 gxf6 11.c4 f5 12.cxb5 Nd4 13.bxa6 fxe4 14.Nc3 d5 15.Nab5 Qb6
16.Qa4 Nc6 17.Rd1 Bb4 18.a3 Bxc3+ 19.Nxc3 O-O 20.Nxd5 Bxd5 21.Rxd5 Qxb2 22.Qxc6 Rac8
23.Qd6 Qc3+ 24.Ke2 Qc4+ 25.Ke3 Qc3+ 26.Bd3 exd3 27.Rxd3 Qc4 28.Kf3 e4+ 29.Ke3 exd3
30.Qg3+ Kh8 31.Qe5+ f6  0-1

[Event "Brunei Inv IM"]
[Site "Bandar Seri Begawan BRU"]
[Date "2010.07.29"]
[Round "8"]
[White "Hj,Sulaiman Hj Md Baharuddin"]
[Black "Barbosa,O PHI"]
[Result "0-1"]
[WhiteElo "2339"]
[BlackElo "2433"]

1.e4 c5 2.Nf3 Nc6 3.Nc3 g6 4.d4 cxd4 5.Nxd4 Bg7 6.Be3 Nf6 7.f3 Qb6 8.Qd2 Nxe4
9.fxe4 Bxd4 10.Bxd4 Qxd4 11.O-O-O Qxd2+ 12.Rxd2 d6 13.Be2 Be6 14.a3 Rc8 15.h3 O-O
16.Re1 Ne5 17.Nb5 a6 18.Nd4 Rc5 19.c3 Rfc8 20.Kb1 Kg7 21.Bd1 Bd7 22.Bb3 a5
23.Rf1 b5 24.Rdf2 Be8 25.g4 h6 26.Bd1 b4 27.Nb3 Rb5 28.Be2 Rbb8 29.axb4 axb4
30.c4 Nxc4 31.Bxc4 Rxc4 32.Nd2 Rc5 33.b3 Rbc8 34.Nc4 f6 35.Kb2 Bf7  0-1

[Event "XXXVI Open"]
[Site "Sitges ESP"]
[Date "2010.07.29"]
[Round "8"]
[White "Guerrero Olmos,S"]
[Black "Martinez Duany,L"]
[Result "0-1"]
[WhiteElo "2360"]
[BlackElo "2510"]

1.e4 c5 2.Nc3 Nc6 3.Bb5 Nd4 4.Bc4 e6 5.Nf3 a6 6.Nxd4 cxd4 7.Ne2 Nf6 8.d3 Bc5
9.O-O d5 10.exd5 Nxd5 11.Nf4 Nf6 12.Nh5 O-O 13.Re1 b5 14.Bb3 Bb7 15.Bf4 Kh8
16.Nxf6 gxf6 17.Qh5 Qe7 18.f3 Rg8 19.Re2 Rg6 20.a3 Rag8 21.Rae1 Bd6 22.Bxd6 Qxd6
23.Rf2 Qf8 24.Qh4 e5 25.Qh5 R8g7 26.Qf5 Qd6 27.g3 Rh6 28.f4 Rxg3+ 29.Kf1 Re3
30.fxe5 Qc6 31.Rxe3 dxe3 32.Ke1  0-1

[Event "MTO"]
[Site "Biel SUI"]
[Date "2010.07.30"]
[Round "11"]
[White "Onoprienko,V"]
[Black "Van der Heijden,T"]
[Result "1-0"]
[WhiteElo "2343"]
[BlackElo "2162"]

1.e4 c5 2.Nc3 Nc6 3.Bb5 Nd4 4.Bc4 e6 5.Nf3 Ne7 6.Nxd4 cxd4 7.Ne2 Nc6 8.O-O a6
9.d3 b5 10.Bb3 g6 11.Bf4 d6 12.Qd2 Bg7 13.Bh6 O-O 14.Bxg7 Kxg7 15.c3 Qb6
16.Kh1 Rb8 17.f4 f6 18.Rac1 dxc3 19.bxc3 Bd7 20.Rf3 Na5 21.f5 Nxb3 22.axb3 exf5
23.exf5 Bxf5 24.Nd4 Bd7 25.Rcf1 Rbe8 26.b4 Re5 27.Qf2 Qd8 28.h3 Qe7 29.Qa2 Bc8
30.Nc6 Qe6 31.Qf2 Bb7 32.Nxe5 dxe5 33.Re3 f5 34.Qg3 e4 35.Kh2 Qf6 36.Qc7+ Rf7
37.Qc5 Rd7 38.dxe4 Rd2 39.Qc7+ Qf7 40.Qxf7+ Kxf7 41.Kg3 Kf6 42.Rf2 Rxf2 43.Kxf2 Bxe4
44.Re2 Ke5 45.Rd2 Bd5 46.g3 g5 47.Rd4 h6 48.Ke3 Bg2 49.h4 Bd5 50.Kf2 f4 51.gxf4+ gxf4
52.Ke1 Bc4 53.Rd8 Kf5 54.Rh8 Kg6 55.Rf8 Bf7 56.Kf2 Kg7 57.Ra8 Kg6 58.Rxa6+ Kf5
59.Rxh6 Ke4 60.Rb6 Bc4 61.h5  1-0

[Event "TCh-MNE Premier League"]
[Site "Cetinje MNE"]
[Date "2010.07.31"]
[Round "8"]
[White "Solak,D"]
[Black "Bogosavljevic,B"]
[Result "1-0"]
[WhiteElo "2567"]
[BlackElo "2551"]

1.e4 c5 2.Nf3 Nc6 3.Nc3 Nf6 4.Bb5 Qc7 5.d3 e6 6.O-O Be7 7.Re1 O-O 8.Bg5 Ng4
9.Bxe7 Nxe7 10.d4 a6 11.Bf1 cxd4 12.Qxd4 Nc6 13.Qd2 d6 14.Rad1 Rd8 15.Qg5 Nge5
16.Nxe5 f6 17.Qe3 fxe5 18.Na4 Rb8 19.Qb6 Qe7 20.b3 Bd7 21.c3 Be8 22.Nb2 d5
23.exd5 exd5 24.f3 Rd6 25.Qc5 Rbd8 26.c4 Qg5 27.cxd5 Nd4 28.Qc3 Bh5 29.Kh1 Rf8
30.Qe3 Qh4 31.Qxe5 Nxf3 32.Qxd6 Nxe1 33.Qe6+ Kh8 34.Rxe1 Qf2 35.h3 Qxb2 36.Qe7 Qf2
37.d6 Rf7 38.d7  1-0

[Event "Politiken Cup"]
[Site "Copenhagen DEN"]
[Date "2010.07.31"]
[Round "1"]
[White "Jensen,Jonbert MS"]
[Black "Larsen,Mi"]
[Result "0-1"]
[WhiteElo "1664"]
[BlackElo "2088"]

1.e4 c5 2.Nf3 Nc6 3.Nc3 g6 4.Bc4 Bg7 5.O-O Nf6 6.a3 O-O 7.d3 d6 8.h3 a6 9.Nd5 e6
10.Ne3 d5 11.exd5 exd5 12.Ba2 d4 13.Nc4 b5 14.Nce5 Bb7 15.Bf4 Nxe5 16.Nxe5 Nh5
17.Qd2 Nxf4 18.Qxf4 Bd5 19.Rfe1 Bxa2 20.Rxa2 Qd5 21.Raa1 Rae8 22.Ng4 h5 23.Rxe8 Rxe8
24.Nf6+ Bxf6 25.Qxf6 Re6 26.Qf4 Re2 27.Rc1 Qa2 28.Kf1 Re6 29.c4 Qxb2 30.cxb5 Qxb5
31.Rc4 Qb1+ 32.Qc1 Qxc1+ 33.Rxc1 Re5 34.Rc4 Kf8 35.Ra4 Re6 36.Rc4 Rc6 37.Ke2 Ke7
38.Kd2 Kd6 39.Kd1 Rb6 40.Kc2 Kd5 41.Ra4 Rf6 42.f3 Rb6 43.Ra5 h4 44.Ra4 Ke5
45.Rc4 Rc6 46.Kd1 Kf4 47.Ke2 f6 48.Rc1 g5 49.Kf2 Rb6 50.Rxc5 Rb2+ 51.Kg1 Kg3
52.Rc1 Rxg2+ 53.Kf1 Rf2+ 54.Kg1 Rxf3 55.Rc6 Rxd3 56.Rxf6 Rd1+ 57.Rf1 Rxf1+
58.Kxf1  0-1

[Event "21st Czech GM Open"]
[Site "Pardubice CZE"]
[Date "2010.07.31"]
[Round "9"]
[White "Michalik,P"]
[Black "Polak,T"]
[Result "1-0"]
[WhiteElo "2453"]
[BlackElo "2544"]

1.e4 c5 2.Nf3 Nc6 3.Nc3 g6 4.d4 cxd4 5.Nxd4 Bg7 6.Be3 Nf6 7.Bc4 Qa5 8.O-O O-O
9.Bb3 d6 10.h3 Bd7 11.Re1 Rac8 12.Nf3 Rfd8 13.Qd2 Be8 14.Rad1 Qh5 15.Qe2 h6
16.Nd5 g5 17.Qf1 e6 18.Nxf6+ Bxf6 19.Nd4 Be5 20.c3 Qg6 21.Bc2 Qg7 22.Ne2 Kh8
23.f4 gxf4 24.Nxf4 Qg3 25.Qf3 Qxf3 26.gxf3 b5 27.Nh5 b4 28.f4 Bg7 29.Nxg7 Kxg7
30.c4 f6 31.Rd2 Bh5 32.Bd1 Bf7 33.b3 d5 34.exd5 exd5 35.Bg4 Rb8 36.cxd5 Bxd5
37.Rc1 Be4 38.Rd7+ Kh8 39.Rf7 Rd6 40.Bc5 Rd2 41.Rxf6 Rg2+ 42.Kf1 Rxa2 43.Rxc6 Bg2+
44.Ke1 Bxc6 45.Bd4+ Kg8 46.Rxc6 Rd8 47.Be6+ Kf8 48.Bf6 Re8 49.f5 Ra5 50.Rc7  1-0

[Event "Tch-POR 1st Div Final"]
[Site "Vila Nova de Gaia POR"]
[Date "2010.07.31"]
[Round "8.5"]
[White "Thesing,M"]
[Black "Fernando,D"]
[Result "1/2-1/2"]
[WhiteElo "2423"]
[BlackElo "2484"]

1.e4 c5 2.Nc3 Nc6 3.Bb5 Nd4 4.Bc4 e6 5.Nge2 Nf6 6.O-O a6 7.d3 b5 8.Bb3 Nxb3
9.axb3 Bb7 10.Bg5 d6 11.f4 b4 12.Na4 Be7 13.Ng3 Qc7 14.Nh5 O-O-O 15.c3 Nxh5
16.Bxe7 Qxe7 17.Qxh5 bxc3 18.bxc3 f5 19.Qe2 fxe4 20.dxe4 Qc7 21.b4 Qc6 22.bxc5 Qxe4
23.Qxe4 Bxe4 24.cxd6 Rxd6 25.Nc5 Bf5 26.Nxa6 Kb7 27.Nc5+ Kb6 28.Nb3 Rc8 29.Rf3 Rdc6
30.Rc1 Rc4 31.g3 h6 32.Re3 g5 33.Nd2 Ra4 34.fxg5 hxg5 35.Nf3 g4 36.Nh4 Be4
37.Rce1 Bd5 38.Ng6 Ra2 39.Nf4 Rc2 40.Rb1+ Kc5 41.Rbe1 Kd6 42.Nxe6 Rh8 43.Nf4 Rhxh2
44.R3e2 Rhxe2 45.Rxe2 Rxc3 46.Rd2  1/2-1/2

[Event "Brunei Inv IM2"]
[Site "Bandar Seri Begawan BRU"]
[Date "2010.08.01"]
[Round "3"]
[White "Barbosa,O PHI"]
[Black "Ansari,Mo"]
[Result "1-0"]
[WhiteElo "2433"]
[BlackElo "2247"]

1.e4 c5 2.Nc3 Nc6 3.Bb5 g6 4.Bxc6 dxc6 5.d3 Bg7 6.f4 Nf6 7.Nf3 Bg4 8.O-O O-O
9.Kh1 b5 10.Qe1 Bxf3 11.Rxf3 e6 12.Be3 Nd7 13.Rd1 f5 14.e5 Qe7 15.Nb1 Rfd8
16.Bf2 Qe8 17.Nd2 Bf8 18.Bh4 Be7 19.Rh3 Nf8 20.Nb3 Rd5 21.Bxe7 Qxe7 22.c4 bxc4
23.dxc4 Rxd1 24.Qxd1 Rd8 25.Qg1 Rd7 26.Rf3 Qd8 27.Rf1 Qb6 28.Qf2 Rd4 29.Nxd4 cxd4
30.c5  1-0

[Event "Politiken Cup"]
[Site "Copenhagen DEN"]
[Date "2010.08.01"]
[Round "3"]
[White "Bejtovic,J"]
[Black "Stray,G"]
[Result "1-0"]
[WhiteElo "2382"]
[BlackElo "2055"]

1.e4 c5 2.Nc3 Nc6 3.Bb5 e6 4.Bxc6 bxc6 5.f4 d5 6.d3 Ba6 7.e5 h5 8.Nf3 Nh6
9.O-O Nf5 10.Ne2 Qb6 11.Rf2 Be7 12.Ng3 Nxg3 13.hxg3 c4 14.d4 g6 15.c3 Bc8
16.b3 cxb3 17.axb3 Rb8 18.b4 a6 19.Ne1 Qd8 20.Nd3 Rb5 21.Rfa2 Kf8 22.Be3 Kg7
23.Nc5 Bxc5 24.dxc5 Qe7 25.Bd4 Rb8 26.Qf3 Bb7 27.Kf2 Ra8 28.Ra5 Rac8 29.Rd1 Rcd8
30.Rh1 Rc8 31.Ke2 Rcd8 32.Kd3 Bc8 33.Qe2 Bb7 34.Qd2 Rh7 35.Be3 Rdh8 36.Kc2 Qd7
37.Raa1 Re8 38.Kb2 Bc8 39.g4 Reh8 40.g5 Qb7 41.Bd4 Qb5 42.Ra5 Qb8 43.Qe2 Bb7
44.Rh4 Bc8 45.Ra1 Bb7 46.Kc2 Qd8 47.Kd2 Bc8 48.Qd1 Re8 49.Qa4 Qd7 50.Qa5 Rhh8
51.Rah1 Bb7 52.Ke3 Qc8 53.Kf2 Qd7 54.R1h3 Ra8 55.Rh1 Rae8 56.g3 Qc8 57.R1h2 Qd7
58.Ke3 Qc8 59.Qa1 Qd8 60.Ra2 Qc8 61.Qh1 Qd7 62.Qh3 Qd8 63.Ra1 Bc8 64.Ra2 Bb7
65.Qh1 Bc8 66.Rah2 Bb7 67.g4 hxg4 68.Rh7+ Rxh7 69.Rxh7+ Kf8 70.Qh6+ Ke7 71.f5 gxf5
72.Rxf7+  1-0

[Event "111th US Open"]
[Site "Irvine USA"]
[Date "2010.08.01"]
[Round "2"]
[White "Khachiyan,M"]
[Black "Kleist,F"]
[Result "1-0"]
[WhiteElo "2522"]
[BlackElo "2114"]

1.e4 c5 2.Nc3 Nc6 3.Bb5 Nd4 4.Nf3 a6 5.Bd3 e6 6.O-O Ne7 7.Nxd4 cxd4 8.Ne2 Nc6
9.c3 Bc5 10.b4 Bb6 11.Bb2 O-O 12.Qb3 dxc3 13.dxc3 Qe7 14.Rad1 Rd8 15.a3 d6
16.c4 Qg5 17.Bb1 Qh6 18.Bc1 Qf6 19.Qg3 Qe7 20.Nf4 Ne5 21.Bb2 f6 22.Ba2 Kh8
23.Qh3 Qe8 24.c5 dxc5 25.bxc5 Rxd1 26.Rxd1 Bxc5 27.Bxe5 fxe5 28.Rd8  1-0

[Event "Arctic Chess Challenge"]
[Site "Tromso NOR"]
[Date "2010.08.01"]
[Round "2"]
[White "Zdebskaja,N"]
[Black "Moiseenko,A1"]
[Result "1/2-1/2"]
[WhiteElo "2383"]
[BlackElo "2667"]

1.e4 c5 2.Nf3 Nc6 3.Nc3 Nf6 4.Bb5 Qc7 5.O-O Nd4 6.Re1 a6 7.Bf1 d6 8.Nxd4 cxd4
9.Nd5 Nxd5 10.exd5 g6 11.c4 Bg7 12.Qe2 e5 13.dxe6 fxe6 14.a4 O-O 15.Ra3 e5
16.b4 a5 17.b5 Be6 18.d3 d5 19.cxd5 Bxd5 20.Bg5 Rac8 21.Raa1 b6 22.Bh4 Qf7
23.Bg3 Bb3 24.Qe4 Rc5 25.Be2 Bd5 26.Qh4 h5 27.Qg5 Kh7 28.Bh4 Qb7 29.Qg3 Qf7
30.Bg5 Rc2 31.h4 Qf5 32.Rac1 Rfc8 33.Bf3 Bxf3 34.Qxf3 Qxf3 35.gxf3 R2c3 36.Bd2 Bh6
37.Bxh6 Kxh6 38.Rcd1 R8c5 39.f4 exf4 40.Re4 Rd5 41.Rxf4 Rd6 42.Rf7 g5 43.hxg5+ Kxg5
44.Kg2 Ra3 45.Kf3 Rxa4 46.Rg1+ Kh6 47.Rf8 Kh7 48.Rf7+ Kh6 49.Rf8 Kh7 50.Rf7+ Kh6
51.Rf8 Kh7 52.Rh1  1/2-1/2

[Event "Politiken Cup"]
[Site "Copenhagen DEN"]
[Date "2010.08.04"]
[Round "6"]
[White "Petersen,Stee1"]
[Black "Halamus,A"]
[Result "1-0"]
[WhiteElo "2152"]
[BlackElo "1996"]

1.e4 c5 2.Nc3 Nc6 3.Nf3 Nf6 4.Bb5 Nd4 5.e5 Nxb5 6.Nxb5 Nd5 7.Ng5 f6 8.Ne4 a6
9.Nbc3 Nf4 10.d4 cxd4 11.Bxf4 dxc3 12.Nxc3 e6 13.O-O Be7 14.exf6 Bxf6 15.Nd5 O-O
16.Bc7 Qe8 17.Nb6 d5 18.Nxa8 Qc6 19.Ba5 b5 20.Nb6 Bb7 21.Qg4 h5 22.Qg6 Bd4
23.Rae1 Rf6 24.Qxh5 Bxb6 25.Bxb6 d4 26.Qg4 Qxb6 27.Re5 Bd5 28.Rg5 Qa7 29.Qh5 Qf7
30.Qxf7+ Kxf7 31.Rd1 Rf4 32.f3 Kf6 33.Rxd5 exd5 34.Kf2 Ke5 35.g3 Rf6 36.f4+ Kd6
37.Rxd4 Kc5 38.c3 a5 39.a3 Rh6 40.h4 a4 41.f5 Rh8 42.Rf4 Rh5 43.Kf3 Rh8 44.Rg4 Rf8
45.Kf4 Rf7 46.h5 Re7 47.Kf3 Rf7 48.Rf4 Re7 49.Kf2 Re8 50.g4 Rh8 51.f6 gxf6
52.Rxf6 Kc4 53.Rf4+ Kc5 54.Kg3 Re8 55.h6 Re1 56.Rf2  1-0

[Event "56th Aniv ITT"]
[Site "Villa Martelli ARG"]
[Date "2010.08.04"]
[Round "1"]
[White "Tristan,L"]
[Black "Fabian,G"]
[Result "1-0"]
[WhiteElo "2393"]
[BlackElo "2260"]

1.e4 c5 2.Nc3 Nc6 3.Bb5 Nd4 4.Bc4 Nf6 5.Nge2 a6 6.a4 e6 7.O-O d5 8.exd5 exd5
9.Ba2 Bg4 10.f3 Be6 11.d3 Qd7 12.Nxd4 cxd4 13.Ne2 Bc5 14.Bf4 Qd8 15.Be5 Qb6
16.Qd2 Nd7 17.a5 Qa7 18.Bxg7 Rg8 19.Qh6 O-O-O 20.Rab1 Qb8 21.Bxd4 Bd6 22.Kh1 Rg6
23.Qh4 Rdg8 24.Rf2 Bf8 25.Be3 Ne5 26.Nd4 Qc7 27.Nxe6 fxe6 28.Bb6 Qd6 29.h3 Be7
30.Qd4 Nxf3 31.Rxf3 Rxg2 32.Qf4 Qxf4 33.Rxf4 Bd6 34.Rg4 Rh2+ 35.Kg1 Rf8 36.Bc5  1-0

[Event "97th ch-GBR"]
[Site "Canterbury ENG"]
[Date "2010.08.05"]
[Round "10"]
[White "Gormally,D"]
[Black "Slavin,A"]
[Result "0-1"]
[WhiteElo "2480"]
[BlackElo "2417"]

1.e4 c5 2.Nc3 Nc6 3.Bb5 g6 4.Bxc6 bxc6 5.d3 Bg7 6.Nge2 d6 7.Be3 Rb8 8.Rb1 Nh6
9.h3 f5 10.Qd2 Nf7 11.exf5 Bxf5 12.O-O e5 13.Ng3 Be6 14.b3 O-O 15.Nce4 Qd7
16.Kh2 h6 17.Rbe1 Kh7 18.f4 Rbe8 19.c3 exf4 20.Rxf4 Qd8 21.Ref1 Nh8 22.c4 Rxf4
23.Bxf4 Nf7 24.Be3 Ne5 25.d4 cxd4 26.Bxd4 Qe7 27.Qf2 Rf8 28.Qb2 Rxf1 29.Nxf1 Bxh3
30.Kxh3 Nd3 31.Qd2 Qxe4 32.Bxg7 Kxg7 33.Ng3 Qd4 34.Qa5 Nf2+ 35.Kh2 Ng4+ 36.Kh3 Nf2+
37.Kh2 Qh4+ 38.Kg1 Nh3+ 39.gxh3 Qxg3+ 40.Kf1 Qxh3+ 41.Kg1 Qh4  0-1

[Event "49th WJun"]
[Site "Chotowa POL"]
[Date "2010.08.05"]
[Round "3"]
[White "Lewicki,M"]
[Black "Ponizil,C"]
[Result "0-1"]
[WhiteElo "2149"]
[BlackElo "2406"]

1.e4 c5 2.Nf3 Nc6 3.Nc3 d6 4.d4 cxd4 5.Nxd4 e5 6.Nb3 Be7 7.Bc4 Nf6 8.O-O O-O
9.f4 a6 10.a4 Bg4 11.Qd2 exf4 12.Qxf4 Ne5 13.Bd5 Rc8 14.Nd4 Qb6 15.Qf2 Bd7
16.a5 Qb4 17.Nb3 Rxc3 18.bxc3 Qxc3 19.Bxb7 Rb8 20.Bd2 Qxc2 21.Nd4 Qd3 22.Rab1 Neg4
23.Qe2 Qxd4+ 24.Kh1 Bb5 25.Rxb5 axb5 26.Bc6 Rc8 27.Bxb5 Nxe4 28.Be1 Rc1 29.g3 Ne3
30.Rf3 Nc2 31.Rf1 Qd5 32.Kg1 Nxe1 33.Rxe1 Rxe1+ 34.Qxe1 Bd8 35.Qe2 Bxa5 36.Bd3 Qd4+
37.Kg2 d5 38.Qg4 g6  0-1

[Event "Politiken Cup"]
[Site "Copenhagen DEN"]
[Date "2010.08.05"]
[Round "7"]
[White "Preuss,F"]
[Black "Jensen,Le2"]
[Result "1-0"]
[WhiteElo "2039"]
[BlackElo "1810"]

1.e4 c5 2.Nf3 Nc6 3.Nc3 d6 4.d4 cxd4 5.Nxd4 Bd7 6.Be3 Nf6 7.f3 g6 8.Qd2 Bg7
9.Bc4 O-O 10.h4 Nxd4 11.Bxd4 h5 12.O-O-O Rc8 13.Bb3 a6 14.Kb1 b5 15.g4 Qa5
16.gxh5 Nxh5 17.Nd5 Qxd2 18.Nxe7+ Kh7 19.Rxd2 Rce8 20.Bxg7 Kxg7 21.Nd5 f5
22.Nc7 Re7 23.Rxd6 Ng3 24.Rhd1 fxe4 25.Rxd7 Rxd7 26.Rxd7+ Kh6 27.Ne6 Rxf3
28.a3 Rf1+ 29.Ka2 e3 30.Nc5 e2 31.Nd3 Nf5 32.Rd8 e1=Q 33.Nxe1 Rxe1 34.Rh8+ Kg7
35.Ra8 Nxh4 36.Rxa6 Nf5 37.c4 bxc4 38.Bxc4 g5 39.Bd3 Ne7 40.Ra4 Kf6 41.b4 Nd5
42.Ra8 Nf4 43.Bc2 Re2 44.Kb3 Ne6 45.Kc3 Nc7 46.Ra5 Re3+ 47.Kd2 Rf3 48.Be4 Rf4
49.Ke3 Ne6 50.Rd5 Nc7 51.Rd7 Ne6 52.a4 Ke5 53.Rd5+ Kf6 54.a5 Nc7 55.Rc5 Ne6
56.a6 Nxc5 57.bxc5 Rf1 58.a7 Ra1 59.a8=Q Rxa8 60.Bxa8 Ke7 61.Bd5  1-0

[Event "Politiken Cup"]
[Site "Copenhagen DEN"]
[Date "2010.08.05"]
[Round "7"]
[White "Ebeling,J"]
[Black "Taylor,Gr"]
[Result "1-0"]
[WhiteElo "1999"]
[BlackElo "2160"]

1.e4 c5 2.Nc3 Nc6 3.Bb5 Nd4 4.Bc4 g6 5.d3 Bg7 6.Nge2 e6 7.O-O Ne7 8.Nxd4 cxd4
9.Ne2 O-O 10.Bg5 d6 11.Qd2 Qc7 12.Ng3 Rd8 13.Bh6 f6 14.Bxg7 Kxg7 15.f4 d5
16.Bb3 dxe4 17.dxe4 a5 18.a4 Ra6 19.Rf3 Qc5 20.Kh1 Rad6 21.e5 fxe5 22.Ne4 Qb4
23.Qxb4 axb4 24.Nxd6 Rxd6 25.fxe5 Rd8 26.Rd1 Nc6 27.Rf4 b6 28.Kg1 Re8 29.Bc4 Re7
30.Bb5  1-0

[Event "Open"]
[Site "Minsk BLR"]
[Date "2010.08.05"]
[Round "2"]
[White "Meribanov,V"]
[Black "Mochalov,E"]
[Result "1-0"]
[WhiteElo "2171"]
[BlackElo "2408"]

1.e4 c5 2.Nf3 Nc6 3.Nc3 e5 4.Bc4 d6 5.d3 Be7 6.O-O h6 7.Nd5 Nf6 8.c3 O-O
9.a3 Rb8 10.b4 b5 11.Bb3 Be6 12.Be3 Ng4 13.Bd2 Rc8 14.h3 Nf6 15.Nxf6+ Bxf6
16.Bxe6 fxe6 17.Qb3 c4 18.dxc4 bxc4 19.Qxc4 Nd4 20.Qd3 Nxf3+ 21.Qxf3 Bg5
22.Qd3 Bxd2 23.Qxd2 Qb6 24.Rac1 Rc4 25.Qd3 Qc6 26.Rfe1 Rc8 27.Re3 d5 28.exd5 exd5
29.Rd1 d4 30.cxd4 exd4 31.Re7 a6 32.Qf5 Rf8 33.Qe5 Rf6 34.Rxd4 Rxd4 35.Qxd4 Rg6
36.Qe4 Qxe4 37.Rxe4 Kf7 38.g3 Rc6 39.Kg2 Rc2 40.h4 Ra2 41.Re3 h5 42.Kf3 g6
43.g4 hxg4+ 44.Kxg4 Kf6 45.Rf3+ Kg7 46.h5 Rd2 47.hxg6 Kxg6 48.a4 Rb2 49.Rf4 Rb3
50.Rc4 Kf6 51.f4 Ke6 52.Rc6+ Kd5 53.Rb6 Rb1 54.Kf5 Kc4 55.Kf6 Rh1 56.a5 Rh4
57.f5 Kd5 58.Kf7 Ke5 59.f6 Rc4 60.Kg7 Rg4+ 61.Kf8  1-0

[Event "ch-CRC"]
[Site "San Jose CRC"]
[Date "2010.08.05"]
[Round "9"]
[White "Carvajal Gorgona,J"]
[Black "Bermudez,S"]
[Result "0-1"]
[WhiteElo "2186"]
[BlackElo "2183"]

1.e4 c5 2.Nc3 Nc6 3.Bb5 Na5 4.Be2 e6 5.Nf3 a6 6.a4 d6 7.O-O Nf6 8.d4 cxd4
9.Nxd4 Be7 10.f4 Qc7 11.Qd3 O-O 12.b4 Nc6 13.Nxc6 bxc6 14.Be3 Bb7 15.Bf3 Rfd8
16.Qe2 d5 17.Qf2 c5 18.e5 d4 19.Bxd4 Rxd4 20.exf6 Bxf6 21.Bxb7 Qxb7 22.bxc5 Rc4
23.Rab1 Qxb1 24.Rxb1 Bd4 25.Qxd4 Rxd4  0-1

[Event "56th Aniv ITT"]
[Site "Villa Martelli ARG"]
[Date "2010.08.05"]
[Round "2"]
[White "Della Morte,G"]
[Black "Tristan,L"]
[Result "1/2-1/2"]
[WhiteElo "2351"]
[BlackElo "2393"]

1.e4 c5 2.Nc3 Nc6 3.Nf3 d6 4.d4 cxd4 5.Nxd4 g6 6.Be3 Nf6 7.h3 Bg7 8.Bc4 O-O
9.Bb3 Bd7 10.O-O Nxd4 11.Bxd4 Bc6 12.Qd3 Nd7 13.Bxg7 Kxg7 14.f4 Nc5 15.Qd4+ Kg8
16.Nd5 Nxb3 17.axb3 Bxd5 18.exd5 Qb6 19.Qxb6 axb6 20.Kf2 Rxa1 21.Rxa1 Rc8
22.c3 Rc5 23.Rd1 Ra5 24.Ke3 Kg7 25.Rd4 Kf6 26.Rb4 Rxd5 27.Rxb6 Rd1 28.Rxb7  1/2-1/2

[Event "Open"]
[Site "Arad ROU"]
[Date "2010.08.07"]
[Round "2"]
[White "Horvat,Dan"]
[Black "Grigore,Ge"]
[Result "0-1"]
[WhiteElo "2148"]
[BlackElo "2532"]

1.e4 c5 2.Nf3 Nc6 3.Nc3 g6 4.d4 cxd4 5.Nxd4 Bg7 6.Be3 Nf6 7.Bc4 Qa5 8.f3 Qb4
9.Nb5 O-O 10.Bb3 d6 11.Nc7 Rb8 12.Qd2 Bd7 13.Rd1 Rbc8 14.N7d5 Nxd5 15.exd5 Na5
16.Nb1 Qxd2+ 17.Rxd2 Bxb2 18.Bxa7 Bf5 19.Kd1 Nxb3 20.axb3 Ra8 21.Bd4 Bxd4
22.Rxd4 Rfc8 23.Rc4 Rxc4 24.bxc4 Ra2 25.Ke2 Rxc2+ 26.Nd2 Rc3 27.Kf2 Bd3 28.Re1 Rc2
29.Ke3 Bxc4 30.Kd4 Rxd2+ 31.Kxc4 Kf8 32.Rb1 Rxg2 33.Rxb7 Rxh2 34.Kd4 Rd2+
35.Ke4 f5+  0-1

[Event "49th WJun"]
[Site "Chotowa POL"]
[Date "2010.08.07"]
[Round "5"]
[White "Roos,Ad"]
[Black "Ashwin,J"]
[Result "0-1"]
[WhiteElo "2097"]
[BlackElo "2454"]

1.e4 c5 2.Nc3 Nc6 3.Bb5 Nd4 4.Bc4 e6 5.Nge2 Ne7 6.O-O Nec6 7.d3 Be7 8.f4 a6
9.f5 b5 10.Bb3 O-O 11.Nxd4 Nxd4 12.Qg4 Bf6 13.h4 a5 14.a4 b4 15.Nb5 exf5
16.exf5 Nxb3 17.cxb3 Bb7 18.Bf4 Qb6 19.Rf2 Ba6 20.Nc7 Bd4 21.Nxa8 Rxa8 22.Qf3 Re8
23.Rf1 Bb7 24.Qg3 Qf6 25.Qg4 h6 26.Kh2 Bxf2 27.Rxf2 Bd5 28.Qg3 Bxb3 29.Bd6 Bxa4
30.Bxc5 Qe5 31.d4 Qxg3+ 32.Kxg3 Bc6 33.Rd2 Re4 34.Bb6 a4 35.Bc5 b3 36.Bd6 h5
37.Bf4 Bd5 38.Bd6 f6 39.Kh3 Re3+ 40.Kh2 Be4 41.Rf2 Rd3 42.Bc5 Kf7 43.Rf4 d5
44.Rf2 Ke8 45.Kg1 Rd1+ 46.Rf1 Rd2 47.Rf2 Rc2 48.Kf1 Rxc5 49.dxc5 a3  0-1